LEADER 00907nam0-22003131i-450- 001 990002869440403321 010 $a88-15-05769-2 035 $a000286944 035 $aFED01000286944 035 $a(Aleph)000286944FED01 035 $a000286944 100 $a20000920d1997----km-y0itay50------ba 101 0 $aITA 200 1 $a<>nuovi fondi pensione : analisi gestionale e confronti internazionali$fFulvio Gismondi 210 $aBologna$cIl Mulino$dc1997 215 $a320 p.$d23 cm 225 1 $aArel$v41 610 0 $aMatematica attuariale 610 0 $aFondi pensione 676 $a368.4 700 1$aGismondi,$bFulvio$0116846 801 0$aIT$bUNINA$gRICA$2UNIMARC 901 $aBK 912 $a990002869440403321 952 $aMVI-B-16$b4452$fMAS 959 $aMAS 996 $aNuovi fondi pensione : analisi gestionale e confronti internazionali$9415973 997 $aUNINA DB $aING01 LEADER 03988 am 2200961 n 450 001 9910768392403321 005 20230518 010 $a2-7297-1408-1 024 7 $a10.4000/books.pul.50961 035 $a(CKB)5700000000382186 035 $a(FrMaCLE)OB-pul-50961 035 $a(PPN)270386300 035 $a(EXLCZ)995700000000382186 100 $a20230526j|||||||| ||| 0 101 0 $afre 135 $auu||||||m|||| 200 10$aLyon, métropole en mouvement /$fAurélie Mercier, Roelof Verhage 210 $aLyon $cPresses universitaires de Lyon$d2023 215 $a1 online resource (192 p.) 311 $a2-7297-1407-3 330 $aEn 2015, la Communauté urbaine de Lyon devient la Métropole de Lyon : une instance politique territoriale dont les compétences sont renforcées par rapport aux autres métropoles françaises. Aux compétences de l?ancienne communauté urbaine viennent s?ajouter celles du département du Rhône sur le périmètre de la métropole. Cette évolution administrative est allée de pair avec le développement économique, social et culturel de la ville, qui n?a eu de cesse d?élargir son aire d?influence. Cet ouvrage vise à comprendre comment la métropole de Lyon s?est constituée, mais aussi comment on y vit et quelles sont ses relations avec les autres territoires. Pour répondre à ces questions, les enseignants- chercheurs du pôle de spécialité Villes et Mobilités de l?Université Lumière Lyon 2, issus de différentes disciplines, ont rassemblé leurs travaux sur un même objet, la métropole de Lyon, en l?étudiant sous différents aspects : son développement institutionnel, ses politiques (industrielle, touristique, de transport ou de logement), le lien affectif que peuvent développer les habitants à leur quartier, les relations de voisinage, l?immigration à Lyon dans la première partie du xxe siècle ou le tourisme au début du xxie siècle. Ce croisement de regards permet plus largement d?aborder les enjeux passés et actuels des processus de métropolisation. 606 $aUrban Studies 606 $aEconomics (General) 606 $aMétropole 606 $aLyon 606 $aRhône 606 $aadministration 606 $adroit 606 $atransports 606 $amobilité 606 $aindustrie 606 $asociologie 606 $aéconomie 606 $aaménagement 606 $avoisinage 606 $aquartier 606 $arénovation urbaine 606 $aLa Duchère 606 $aimmigration 606 $atourisme 606 $ahistoire 606 $aLa Métropole de Lyon 606 $aCOURLY 615 4$aUrban Studies 615 4$aEconomics (General) 615 4$aMétropole 615 4$aLyon 615 4$aRhône 615 4$aadministration 615 4$adroit 615 4$atransports 615 4$amobilité 615 4$aindustrie 615 4$asociologie 615 4$aéconomie 615 4$aaménagement 615 4$avoisinage 615 4$aquartier 615 4$arénovation urbaine 615 4$aLa Duchère 615 4$aimmigration 615 4$atourisme 615 4$ahistoire 615 4$aLa Métropole de Lyon 615 4$aCOURLY 700 $aAuthier$b Jean-Yves$01292744 701 $aBonneval$b Loïc$01241051 701 $aBotea$b Bianca$01287514 701 $aChabrot$b Christophe$01455366 701 $aCorvec$b Stéphanie Souche-Le$01455367 701 $aFaugier$b Étienne$01307255 701 $aLévêque$b Antoine$01455368 701 $aLinossier$b Rachel$01455369 701 $aMallon$b Isabelle$01287007 701 $aMercier$b Aurélie$01455370 701 $aRamdani$b Hacina$01455371 701 $aSimon$b Anthony$0432356 701 $aVerhage$b Roelof$0272556 801 0$bFR-FrMaCLE 906 $aBOOK 912 $a9910768392403321 996 $aLyon, métropole en mouvement$93657184 997 $aUNINA LEADER 03816nam 22006495 450 001 9910253866803321 005 20250806172348.0 010 $a3-319-04819-8 024 7 $a10.1007/978-3-319-04819-2 035 $a(CKB)3710000000501273 035 $a(EBL)4088732 035 $a(SSID)ssj0001583760 035 $a(PQKBManifestationID)16264320 035 $a(PQKBTitleCode)TC0001583760 035 $a(PQKBWorkID)14865300 035 $a(PQKB)11787283 035 $a(DE-He213)978-3-319-04819-2 035 $a(MiAaPQ)EBC4088732 035 $a(PPN)190513896 035 $a(EXLCZ)993710000000501273 100 $a20151109d2016 u| 0 101 0 $aeng 135 $aur|n||||||||| 181 $ctxt 182 $cc 183 $acr 200 10$aAdvances in MALDI and Laser-Induced Soft Ionization Mass Spectrometry /$fedited by Rainer Cramer 205 $a1st ed. 2016. 210 1$aCham :$cSpringer International Publishing :$cImprint: Springer,$d2016. 215 $a1 online resource (287 p.) 300 $aDescription based upon print version of record. 311 1 $a3-319-04818-X 320 $aIncludes bibliographical references and index. 327 $aEmploying 'second generation' matrices -- (MA)LDI MS mass spectrometry imaging at high specificity and sensitivity -- Techniques for fingermark analysis using MALDI MS - a practical overview -- Whole/Intact Cell MALDI MS Biotyping in Mammalian Cell Analyis -- MALDI biotyping for microorganism identification in clinical microbiology -- Future applications of MALDI-TOF MS in microbiology -- MALDESI: Fundamentals, direct analysis, and MS imaging -- Microprobe MS Imaging of Live Tissues, Cells, and Bacterial Colonies using LAESI -- Efficient production of multiply charged MALDI ions -- Food Authentication by MALDI MS - MALDI-TOF MS Analysis of Fish Species -- Quantitative MALDI MS using Ionic Liquid Matrices -- Disease profiling by MALDI MS analysis of biofluids -- Ionic Liquids and other liquid matrices for sensitive MALDI MS analysis -- Coupling liquid MALDI MS to liquid chromatography. 330 $aThis book covers the state-of-the-art of modern MALDI (matrix-assisted laser desorption/ionization) and its applications. New applications and improvements in the MALDI field such as biotyping, clinical diagnosis, forensic imaging, and ESI-like ion production are covered in detail. Additional topics include MS imaging, biotyping/speciation; large-scale, high-speed MS sample profiling; new methods based on  MALDI or MALDI-like sample preparations; and the advantages of MALDI MS analysis over ESI (electrospray ionization).  This is an ideal book for graduate students and researchers in the field of bioanalytical sciences. This book also: ? Showcases new techniques and applications in MALDI MS ? Demonstrates how MALDI is preferable to ESI ? Illustrates the pros and cons associated with biomarker discovery studies in clinical proteomics and various application areas, such as cancer proteomics. 606 $aProteins 606 $aMass spectrometry 606 $aIndustrial microbiology 606 $aBiotechnology 606 $aProtein Biochemistry 606 $aMass Spectrometry 606 $aIndustrial Microbiology 606 $aBiotechnology 615 0$aProteins. 615 0$aMass spectrometry. 615 0$aIndustrial microbiology. 615 0$aBiotechnology. 615 14$aProtein Biochemistry. 615 24$aMass Spectrometry. 615 24$aIndustrial Microbiology. 615 24$aBiotechnology. 676 $a570 702 $aCramer$b Rainer$4edt$4http://id.loc.gov/vocabulary/relators/edt 906 $aBOOK 912 $a9910253866803321 996 $aAdvances in MALDI and Laser-Induced Soft Ionization Mass Spectrometry$92529378 997 $aUNINA